Statistiken für Die 5 kleinsten Staaten der Welt die nicht anerkannt werden

Klicken Sie hier um das Quiz zu spielen!

Allgemein

  • Dieses Quiz wurde 17 mal gespielt
  • Das Durchschnittsergebnis liegt bei 3 aus 5

Antwortstatistiken

KontinentAntwortGröße (in Quadratkilometer)% Korrekt
EuropaGurkistan6 Quadratmeter
100%
EuropaSealand0,004 Quadratkilometer
67%
Nicht bekanntFree states of ObsidianNicht bekannt, sind nur 2 Steine
50%
EuropaKugelmugel30 Quadratmeter
50%
NordamerikaMolossia0,05 Quadratkilometer
50%

Verteilung der Resultate

Perzentil nach korrekt beantworteten Fragen

Anzahl Personen mit jedem Resultat

Ihre Resultats-Entwicklung

Sie haben dieses Quiz noch nicht gespielt